000 00323nam a2200145Ia 4500
008 151213s9999 xx 000 0 und d
100 _aJ.J.K
245 _aGlobal Marketing
_cJ.J.K
260 _aLondon
_bIrwin
_c1997
300 _a2737 p.
650 _aMarketing
650 _aMarketing
700 _aJ.J.K
999 _c1848
_d1848